| 000 | 01845nam a2200361 a 4500 | ||
|---|---|---|---|
| 001 | ebr10482273 | ||
| 003 | CaPaEBR | ||
| 006 | m u | ||
| 007 | cr cn||||||||| | ||
| 008 | 090717s2010 ilu sb 001 0 eng d | ||
| 010 | _z 2009028889 | ||
| 020 | _z9780838910191 (alk. paper) | ||
| 020 | _z9780838990261 (e-book) | ||
| 040 |
_aCaPaEBR _cCaPaEBR |
||
| 035 | _a(OCoLC)747411352 | ||
| 050 | 1 | 4 |
_aZ675.U5 _bM358 2010eb |
| 082 | 0 | 4 |
_a027.7 _222 |
| 100 | 1 | _aMcAdoo, Monty L. | |
| 245 | 1 | 0 |
_aBuilding bridges _h[electronic resource] : _bconnecting faculty, students, and the college library / _cMonty L. McAdoo. |
| 260 |
_aChicago : _bAmerican Library Association, _c2010. |
||
| 300 | _ax, 163 p. | ||
| 504 | _aIncludes bibliographical references and index. | ||
| 505 | 0 | _aInformation literacy and the need for effective assignments -- Working with faculty and the curriculum -- Common reasons assignments can fail -- Using information technology -- Writing-from-sources and essay assignments -- Term/research papers -- Citing sources and information ethics -- Assignments in the online environment -- Tours -- Scavenger hunts -- In the classroom -- In the library -- Some final words. | |
| 533 |
_aElectronic reproduction. _bPalo Alto, Calif. : _cebrary, _d2013. _nAvailable via World Wide Web. _nAccess may be limited to ebrary affiliated libraries. |
||
| 650 | 0 |
_aAcademic libraries _xRelations with faculty and curriculum. |
|
| 650 | 0 |
_aInformation literacy _xStudy and teaching (Higher) |
|
| 650 | 0 | _aLibrary orientation for college students. | |
| 650 | 0 | _aCollege teaching. | |
| 650 | 0 | _aLibraries and students. | |
| 655 | 7 |
_aElectronic books. _2local |
|
| 710 | 2 | _aebrary, Inc. | |
| 856 | 4 | 0 |
_uhttp://site.ebrary.com/lib/rucke/Doc?id=10482273 _zAn electronic book accessible through the World Wide Web; click to view |
| 999 |
_c225143 _d225143 |
||